000 00498nam a2200181Ia 4500
005 20250326141548.0
008 250326s9999 xx 000 0 und d
037 _aTextbook
040 _aFMSL
_beng
_cFMSL
041 _aeng
_2eng
084 _aX:74 M8;5
_qFMSL
100 _aAdhikary M
245 0 _aEconomic environment of Business
_cAdhikary M
260 _aNew Delhi
_bNew Delhi, S, Chand & Co.
_c1988
300 _a638p
942 _cTB
_hX:74 M8;5
999 _c1290895
_d1290895